Selected poems of Robert Frost / (Record no. 63374)
[ view plain ]
| 000 -LEADER | |
|---|---|
| fixed length control field | 01404nam a2200313 a 4500 |
| 001 - CONTROL NUMBER | |
| control field | 63374 |
| 003 - CONTROL NUMBER IDENTIFIER | |
| rucl marc code | BD-RjUL |
| 005 - DATE AND TIME OF LATEST TRANSACTION | |
| control field | 20211209081206.0 |
| 008 - FIXED-LENGTH DATA ELEMENTS--GENERAL INFORMATION | |
| fixed length control field | 170130s1963 nyuoc 001 pdeng d |
| 020 ## - INTERNATIONAL STANDARD BOOK NUMBER | |
| International Standard Book Number | 0030120608 |
| 035 ## - SYSTEM CONTROL NUMBER | |
| System control number | (BD-RjUL)63503 |
| 040 ## - CATALOGING SOURCE | |
| Original cataloging agency | BD-RjUL |
| Language of cataloging | eng |
| Transcribing agency | BD-RjUL |
| 041 ## - LANGUAGE CODE | |
| Language code of text/sound track or separate title | eng |
| 082 ## - DEWEY DECIMAL CLASSIFICATION NUMBER | |
| Edition number | 23 |
| Classification number | 811.52 |
| Author mark and year | FRS 1963 |
| 100 1# - MAIN ENTRY--PERSONAL NAME | |
| Personal name | Frost, Robert, |
| Dates associated with a name | 1874-1963. |
| 9 (RLIN) | 188578 |
| 245 10 - TITLE STATEMENT | |
| Title | Selected poems of Robert Frost / |
| Statement of responsibility, etc. | Robert Frost ; with introduction by Robert Graves. |
| 260 ## - PUBLICATION, DISTRIBUTION, ETC. (IMPRINT) | |
| Place of publication, distribution, etc. | New York : |
| Name of publisher, distributor, etc. | Holt, Rinehart and Winston, |
| Date of publication, distribution, etc. | 1956 c1961,1962,1963 |
| 300 ## - PHYSICAL DESCRIPTION | |
| Pagination | xxiv, 326 p. : |
| Illustrations | ill. ; |
| Size | 19 cm. |
| 490 ## - SERIES STATEMENT | |
| Series statement | Rinehart editions ; |
| Volume/sequential designation | 120 |
| 500 ## - GENERAL NOTE | |
| General note | The selection of poems for this volume was made by Mr. Frost, who also made several minor changes in the texts." -- t.p. verso. |
| General note | "All of the poems in this text have been reprinted from 'Complete poems of Robert Frost' and 'In the clearing' -- t.p. verso. |
| 504 ## - BIBLIOGRAPHY, ETC. NOTE | |
| Bibliography, etc | Includes bibliographical and biographical material, revised by the authors from 'Robert Frost: an introduction' by R.A. Greenberg and J.G. Hepburn. -- t.p. verso. |
| 600 ## - SUBJECT ADDED ENTRY--PERSONAL NAME | |
| Personal name | Frost, Robert, 1874-1963 |
| 700 1# - ADDED ENTRY--PERSONAL NAME | |
| Personal name | Graves, Robert, |
| Dates associated with a name | 1895-1985. |
| Personal name | Greenberg, Robert A. |
| Personal name | Hepburn, James G. |
| 830 #0 - SERIES ADDED ENTRY--UNIFORM TITLE | |
| Uniform title | Rinehart editions ; |
| Volume number/sequential designation | 120 |
| 942 ## - ADDED ENTRY ELEMENTS (KOHA) | |
| Source of classification or shelving scheme | Dewey Decimal Classification |
| Koha item type | Books |
| Lost status | Source of classification or shelving scheme | Damaged status | Not for loan | Collection code | Permanent Location | Current Location | Shelving location | Date acquired | Source of acquisition | Total Checkouts | Full call number | Date last seen | Copy number | Koha item type |
|---|---|---|---|---|---|---|---|---|---|---|---|---|---|---|
| Dewey Decimal Classification | Not For Loan | Non-fiction | Central Library, University of Rajshahi | Central Library, University of Rajshahi | Reading Room | 10/07/1976 | U.S.information service | 811.52 FRS 1963 | 30/01/2017 | C-1 | Books |